Normal view
MARC view
Entry Personal Name
001 - CONTROL NUMBER
- control field: 9839
003 - CONTROL NUMBER IDENTIFIER
- control field: BD-RjUL
005 - DATE AND TIME OF LATEST TRANSACTION
- control field: 20231101145917.0
008 - FIXED-LENGTH DATA ELEMENTS
- fixed length control field: 231101|| aca||aabn | a|a d
040 ## - CATALOGING SOURCE
- Original cataloging agency: BD-RjUL
- Transcribing agency: BD-RjUL
100 ## - HEADING--PERSONAL NAME
- Personal name: Ahmmed, Md. Forhad
670 ## - SOURCE DATA FOUND
- Source citation: Work cat.: (BD-RjUL)82223: Ahmmed, Md. Forhad, Socio-Economic and Environmental Impact of Underground Stone Collection on the Community People of Panchagarh District in Bangladesh /, 2015